[Event "Mechanics' Spring TNM; 30/90, SD/30"]
[Site "San Francisco"]
[Date "2012.03.20"]
[Round "2.29"]
[White "Graham, Ryan"]
[Black "Campers, Willie"]
[Result "1-0"]
[WhiteElo "1284"]
[BlackElo "1649"]
[PlyCount "121"]
[EventDate "2012.??.??"]

1. e4 e6 2. d4 d5 3. Nc3 Nf6 4. Bg5 Be7 5. e5 Nfd7 6. h4 Bxg5 7. hxg5 Qxg5 8.
Nh3 Qe7 9. Qg4 f6 10. Nf4 Nf8 11. Nfxd5 Qf7 12. exf6 gxf6 13. Qe4 a6 14. f4 f5
15. Qe5 Ng6 16. Qxc7 Nc6 17. Qxf7+ Kxf7 18. Ne3 Nxf4 19. O-O-O Ne7 20. Nc4 b5
21. Ne5+ Kg7 22. g3 Bb7 23. Rg1 Nfd5 24. Ne2 Ne3 25. Rd3 Nxf1 26. Rxf1 Be4 27.
Rc3 Rhc8 28. g4 b4 29. Rxc8 Rxc8 30. c3 bxc3 31. bxc3 Nd5 32. c4 Ne3 33. Rg1
fxg4 34. c5 h5 35. Nf4 Rb8 36. Ned3 h4 37. Kd2 Nf5 38. Rxg4+ Kf7 39. Ne5+ Ke7
40. Nfg6+ Ke8 41. Rxe4 h3 42. Ng4 Rb2+ 43. Kd3 h2 44. Nxh2 Rxh2 45. Rxe6+ Kf7
46. Rxa6 Rg2 47. Ne5+ Ke8 48. a4 Rg1 49. Ke4 Ne7 50. Ra8+ Nc8 51. Rxc8+ Ke7 52.
Kd5 Rh1 53. a5 Rh6 54. Rc6 Rh2 55. a6 Ra2 56. Rb6 Ra4 57. Nc6+ Kd7 58. a7 Kc7
59. Rb5 Ra6 60. Nb8 Rxa7 61. Nc6 {B time exp} 1-0

[Event "Mechanics' Winter TNM; 30/90, SD/30"]
[Site "San Francisco"]
[Date "2012.02.14"]
[Round "7.21"]
[White "Graham, Ryan"]
[Black "Campers, Willie"]
[Result "0-1"]
[WhiteElo "1280"]
[BlackElo "1641"]
[PlyCount "76"]
[EventDate "2012.??.??"]

1. e4 e6 2. d4 d5 3. Nc3 Nf6 4. Bg5 Be7 5. e5 Nfd7 6. h4 Bxg5 7. hxg5 Qxg5 8.
Nh3 Qh6 9. g4 f6 10. f4 fxe5 11. Nf2 Qxf4 12. Ne2 Qf6 13. Rh5 O-O 14. Rh2 e4
15. Qd2 Qf3 16. Ng1 Qg3 17. Rg2 Qd6 18. O-O-O c5 19. g5 Nc6 20. g6 h6 21. Ng4
Qf4 22. Qxf4 Rxf4 23. Nh3 Rf3 24. Rh2 Nxd4 25. c3 Nf5 26. Be2 Rg3 27. Nf4 Nf8
28. Nh5 Nxg6 29. Nxg3 Nxg3 30. Rg1 Nxe2+ 31. Rxe2 Nf4 32. Rh2 Kh7 33. Rf1 Nd3+
34. Kd2 e5 35. Rf8 b6 36. Rh1 Bb7 37. Rf7 Ba6 38. Nf6+ Kg6 0-1

[Event "Mechanics' Spring TNM; 30/90, SD/30"]
[Site "San Francisco"]
[Date "2012.05.01"]
[Round "8.18"]
[White "Graham, Ryan"]
[Black "Jaffray, John"]
[Result "0-1"]
[WhiteElo "1284"]
[BlackElo "2034"]
[PlyCount "50"]
[EventDate "2012.??.??"]

1. e4 c5 2. Nf3 g6 3. d4 cxd4 4. Nxd4 Nf6 5. Nc3 Nc6 6. Be3 Bg7 7. Bc4 O-O 8.
Bb3 Qa5 9. f3 Nxd4 10. Bxd4 b5 11. Qd2 b4 12. Na4 Qb5 13. O-O-O d6 14. g4 Be6
15. Bxe6 fxe6 16. b3 Nd7 17. Bxg7 Kxg7 18. Qg2 Nb6 19. Nb2 a5 20. h4 a4 21. h5
axb3 22. hxg6 bxa2 23. Rxh7+ Kxg6 24. Qh3 Qg5+ 25. Rd2 a1=Q# 0-1

[Event "Mechanics' Spring TNM; 30/90, SD/30"]
[Site "San Francisco"]
[Date "2012.03.27"]
[Round "3.22"]
[White "Graham, Ryan"]
[Black "LaCounte, Brendan"]
[Result "1-0"]
[WhiteElo "1284"]
[BlackElo "1772"]
[PlyCount "83"]
[EventDate "2012.??.??"]

1. e4 d5 2. exd5 Qxd5 3. Nc3 Qa5 4. d4 Nf6 5. Nf3 c6 6. Bd2 Bf5 7. Bc4 e6 8.
O-O Bb4 9. a3 Bxc3 10. Bxc3 Qc7 11. Bd3 Bxd3 12. Qxd3 Nbd7 13. b4 O-O 14. Bb2
Nd5 15. c4 Nf4 16. Qd2 Rad8 17. Ne5 Nh3+ 18. gxh3 Nxe5 19. Qf4 Qe7 20. Qxe5 Qh4
21. d5 Qh6 22. Kh1 exd5 23. Rg1 f6 24. Qe6+ Kh8 25. cxd5 Rxd5 26. Rae1 Qf4 27.
Qe3 Qf5 28. Rg3 Rd7 29. Qf3 Qc2 30. Bc3 Rdf7 31. Kg2 Rd7 32. Qg4 Rdf7 33. Rge3
Qb3 34. Bd4 Qd5+ 35. Qe4 Qb5 36. Bc5 Rg8 37. Qe6 Rc7 38. a4 Qxa4 39. Bd6 Rcc8
40. Qxc8 Qb5 41. Bc5 Qf1+ 42. Kxf1 1-0

[Event "Mechanics' Winter TNM; 30/90, SD/30"]
[Site "San Francisco"]
[Date "2012.02.21"]
[Round "8.24"]
[White "Graham, Ryan"]
[Black "Morgan, Jerry"]
[Result "1-0"]
[WhiteElo "1280"]
[BlackElo "1447"]
[PlyCount "79"]
[EventDate "2012.??.??"]

1. e4 c6 2. d4 d5 3. Nc3 dxe4 4. Nxe4 Bf5 5. Ng3 Bg6 6. h4 h6 7. Nf3 Nd7 8. h5
Bh7 9. Bd3 Bxd3 10. Qxd3 e6 11. Bf4 Qa5+ 12. Bd2 Bb4 13. Bxb4 Qxb4+ 14. Qc3 Qb5
15. d5 Ngf6 16. dxe6 fxe6 17. O-O-O O-O-O 18. Nd4 Qg5+ 19. Kb1 Nd5 20. Qa5 Kb8
21. Nxe6 Qf6 22. Nxd8 Rxd8 23. Ne4 Qf8 24. Rh3 N7f6 25. Nxf6 Nc3+ 26. bxc3
Rxd1+ 27. Kb2 gxf6 28. Rd3 Rxd3 29. cxd3 Qd6 30. Qf5 Qe7 31. Qf4+ Kc8 32. Qe4
Kd7 33. Qxe7+ Kxe7 34. f4 Ke6 35. g4 b5 36. Kc2 c5 37. Kd2 a5 38. d4 c4 39. a3
Kd5 40. g5 1-0

[Event "Mechanics' Winter TNM; 30/90, SD/30"]
[Site "San Francisco"]
[Date "2012.01.10"]
[Round "2.19"]
[White "Graham, Ryan"]
[Black "Ochoa, Jason"]
[Result "0-1"]
[WhiteElo "1280"]
[BlackElo "1906"]
[PlyCount "134"]
[EventDate "2012.??.??"]

1. e4 c5 2. Nf3 g6 3. d4 Bg7 4. Nc3 cxd4 5. Nxd4 Nc6 6. Be3 d6 7. f3 Nf6 8. Qd2
O-O 9. O-O-O Nxd4 10. Bxd4 Be6 11. Kb1 Rc8 12. g4 a6 13. h4 b5 14. h5 b4 15.
Nd5 a5 16. hxg6 fxg6 17. g5 Nxd5 18. Bxg7 Nc3+ 19. Bxc3 bxc3 20. Qh2 Rf7 21. b3
Qb6 22. Bh3 Bxh3 23. Qxh3 Qc5 24. Rd3 a4 25. Qe6 axb3 26. Qxb3 Rc6 27. Kc1 Rb6
28. Qxc3 Qxg5+ 29. Qd2 Qf6 30. Qc3 Qg5+ 31. Qd2 Qe5 32. Qc3 Qb5 33. Qb3 Qa6 34.
Qe6 Kf8 35. Rc3 Rc6 36. Rb3 Rc8 37. Kb2 Ra8 38. a3 Qe2 39. Qd5 Rc8 40. Qd3 Qg2
41. Rf1 Rxc2+ 42. Qxc2 Qxf1 43. Qc3 e5 44. Qc8+ Kg7 45. Rb7 Qe2+ 46. Ka1 Qd1+
47. Kb2 Qd4+ 48. Kb1 Qd3+ 49. Kb2 Qxf3 50. Rxf7+ Qxf7 51. a4 Qf2+ 52. Kb3 Qe3+
53. Kb2 Qd4+ 54. Kb3 Qb6+ 55. Ka2 h5 56. Qe6 Qf2+ 57. Kb3 Qe3+ 58. Kb2 Qd4+ 59.
Kb3 Qd3+ 60. Kb2 Qxe4 61. Qe7+ Kh6 62. Qf8+ Kg5 63. Qe7+ Kg4 64. Qe6+ Kg3 65.
Qxd6 Qxa4 66. Qxe5+ Qf4 67. Qe1+ Qf2+ 0-1

[Event "Mechanics' Winter TNM; 30/90, SD/30"]
[Site "San Francisco"]
[Date "2012.01.31"]
[Round "5.19"]
[White "Graham, Ryan"]
[Black "Salvo, Tab"]
[Result "0-1"]
[WhiteElo "1280"]
[BlackElo "1714"]
[PlyCount "72"]
[EventDate "2012.??.??"]

1. e4 c5 2. Nf3 d6 3. d4 cxd4 4. Nxd4 Nf6 5. Nc3 a6 6. Be3 g6 7. f3 b5 8. Qd2
Bb7 9. O-O-O Nbd7 10. g4 h5 11. g5 Nh7 12. f4 b4 13. Nd5 Bxd5 14. exd5 Qa5 15.
Kb1 Nb8 16. f5 gxf5 17. Nxf5 Nd7 18. Bf4 Qc5 19. Re1 Kd8 20. Be3 Qc7 21. Qxb4
Rc8 22. Qd2 Ne5 23. Be2 Nc4 24. Bxc4 Qxc4 25. Rhf1 Rb8 26. Nxd6 exd6 27. Rxf7
Rb5 28. g6 Be7 29. gxh7 Rxh7 30. Rxh7 Bf6 31. Bg5 Rxb2+ 32. Kc1 Rxc2+ 33. Qxc2
Bxg5+ 34. Kb1 Qb4+ 35. Qb3 Qxe1+ 36. Kb2 Qc1# 0-1

[Event "Mechanics' Mar TNM; 30/90, SD/30"]
[Site "San Francisco"]
[Date "2012.09.11"]
[Round "7.16"]
[White "Gray, William"]
[Black "Allen, Tom"]
[Result "1-0"]
[WhiteElo "2007"]
[BlackElo "1459"]
[PlyCount "49"]
[EventDate "2012.??.??"]

1. e4 e5 2. Nf3 Nc6 3. Bb5 f5 4. d3 Nf6 5. O-O Bc5 6. exf5 O-O 7. Be3 d6 8.
Bxc5 dxc5 9. Bxc6 bxc6 10. Nxe5 Qd5 11. Re1 Bxf5 12. Qf3 Qxf3 13. Nxf3 Rab8 14.
b3 Nd5 15. Nbd2 Nb4 16. Rec1 Rfe8 17. a3 Nd5 18. Re1 Nc3 19. Ne5 Re6 20. Ndf3
Rbe8 21. Nxc6 Ne2+ 22. Kf1 Bg4 23. Nce5 Bxf3 24. Nxf3 Kf7 25. Ng5+ 1-0

[Event "Mechanics' Mar TNM; 30/90, SD/30"]
[Site "San Francisco"]
[Date "2012.09.25"]
[Round "9.18"]
[White "Gray, William"]
[Black "Macintyre, Brendan"]
[Result "1-0"]
[WhiteElo "2007"]
[BlackElo "1689"]
[PlyCount "87"]
[EventDate "2012.??.??"]

1. e4 c5 2. Nf3 Nc6 3. Bb5 g6 4. c3 a6 5. Ba4 b5 6. Bc2 Bg7 7. O-O Bb7 8. Re1
Qc7 9. d4 cxd4 10. cxd4 Nf6 11. d5 Ne5 12. Nbd2 Nxf3+ 13. Nxf3 d6 14. Be3 O-O
15. Qd2 Rfc8 16. Rac1 Qd7 17. h3 Rc4 18. Bd3 Nxe4 19. Bxe4 Rxe4 20. b3 Qf5 21.
Red1 e6 22. dxe6 Rxe6 23. Ne1 Qe4 24. Qd3 d5 25. Qxe4 dxe4 26. Rd7 Rc6 27. Rxb7
Rxc1 28. Bxc1 Bd4 29. Bh6 Re8 30. Kf1 f5 31. Bf4 Kh8 32. Nc2 Bc3 33. Ke2 Rd8
34. Rb8 Rxb8 35. Bxb8 Kg7 36. Ba7 Kf7 37. Bd4 Ba5 38. Ke3 Bc7 39. Nb4 a5 40.
Nd5 Bb8 41. Bb6 a4 42. bxa4 bxa4 43. Nc3 a3 44. Nb5 1-0

[Event "Mechanics' Mar TNM; 30/90, SD/30"]
[Site "San Francisco"]
[Date "2012.08.07"]
[Round "2.6"]
[White "Grey, Peter"]
[Black "Afkham-Ebrahimi, Payam"]
[Result "1-0"]
[WhiteElo "2014"]
[BlackElo "1873"]
[PlyCount "91"]
[EventDate "2012.??.??"]

1. e4 e5 2. Nf3 Nc6 3. Bb5 a6 4. Ba4 Nf6 5. O-O b5 6. Bb3 Be7 7. Re1 O-O 8. d3
(8. c3 d6 9. d4 (9. h3) 9... Bg4) (8. c3 d6 9. d3 Bg4 10. Nbd2 Qd7 11. Nf1 Rfe8
12. h3 Bh5 13. Ng3 Bg6 14. Nh4) 8... d6 9. c3 Bg4 (9... h6 10. Nbd2 Re8 11. Nf1
Bf8 12. Ng3 g6) 10. Nbd2 Qd7 11. Nf1 Rad8 12. Ng3 h5 13. h3 h4 14. Nf5 Bxf5 15.
exf5 Qxf5 16. Nxh4 Qh7 17. Nf3 Nh5 18. Bd5 Nb8 19. Ng5 Qg6 20. Be4 f5 21. Bd5+
Kh8 22. Ne6 c6 23. Nxf8 Rxf8 24. Bf3 Nf6 25. a4 e4 26. Be2 d5 27. axb5 axb5 28.
Bf4 Bc5 29. Ra8 Nbd7 30. Rxf8+ Nxf8 31. Qd2 Ne6 32. Be3 Bd6 33. f4 exf3 34.
Bxf3 f4 35. Bf2 Ng5 36. Qe2 Nxh3+ 37. Kf1 Ng5 38. Ra1 Nf7 39. Ke1 Ne5 40. Kd2
Nfd7 41. Rh1+ Kg8 42. Bd4 Nc5 43. Bxe5 Bxe5 44. b4 Nd7 45. d4 Bf6 46. Qe6+ 1-0

[Event "Mechanics' Fall TNM; 30/90, SD/30"]
[Site "San Francisco"]
[Date "2012.12.04"]
[Round "8.6"]
[White "Grey, Peter"]
[Black "Andries, Craig"]
[Result "0-1"]
[WhiteElo "2000"]
[BlackElo "1953"]
[PlyCount "76"]
[EventDate "2012.??.??"]

1. e4 g6 2. d4 Bg7 3. Nf3 d6 4. Bc4 Nf6 5. Qe2 O-O 6. O-O e6 7. e5 dxe5 8. dxe5
Nd5 9. Rd1 Nc6 10. Bb5 Qe8 11. c4 Nb6 12. Be3 Bd7 13. Bc5 a6 14. Bxf8 Bxf8 15.
Bxc6 Bxc6 16. Nc3 Bg7 17. Ne4 Qe7 18. b3 Nd7 19. Rxd7 Bxd7 20. Rd1 Bc6 21. h3
h6 22. Qe3 Rd8 23. Rd4 Kh7 24. Ned2 Rxd4 25. Qxd4 Qd7 26. Qxd7 Bxd7 27. Kf1 Bf8
28. Ke2 Kg7 29. Kd3 Bc6 30. Ne4 Be7 31. Nd4 Bd7 32. c5 f5 33. exf6+ Bxf6 34.
Nxf6 $6 (34. c6 $1 bxc6 35. Nc5) 34... Kxf6 35. f4 $6 (35. Ke3) 35... e5 36.
fxe5+ Kxe5 $15 37. Kc4 Be8 38. c6 $2 b6 $17 {
Black is better but White could have continued to put up resistance.} 0-1

[Event "Mechanics' Spring TNM; 30/90, SD/30"]
[Site "San Francisco"]
[Date "2012.03.13"]
[Round "1.15"]
[White "Grey, Peter"]
[Black "Cole, Tony"]
[Result "1-0"]
[WhiteElo "2013"]
[BlackElo "1484"]
[PlyCount "57"]
[EventDate "2012.??.??"]

1. e4 e5 2. Nf3 Nc6 3. Bb5 Nge7 4. Nc3 a6 5. Ba4 b5 6. Bb3 f6 7. d4 exd4 8.
Nxd4 Ne5 9. f4 N5g6 10. Qh5 c5 11. Nf5 Nxf5 12. exf5 c4 13. fxg6 Qe7+ 14. Kd1
Qc5 15. Qxc5 Bxc5 16. Re1+ Kd8 17. gxh7 Bb7 18. Bxc4 bxc4 19. Ne4 Bxe4 20. Rxe4
d5 21. Re2 Rxh7 22. h3 Ra7 23. c3 Rh5 24. Be3 Bxe3 25. Rxe3 Rb7 26. Kc2 Rf5 27.
Rf1 Re7 28. Rxe7 Kxe7 29. g4 1-0

[Event "Mechanics' Summer TNM; 30/90, SD/30"]
[Site "San Francisco"]
[Date "2012.06.05"]
[Round "3.10"]
[White "Grey, Peter"]
[Black "Dembling, Arthur"]
[Result "1-0"]
[WhiteElo "2000"]
[BlackElo "1708"]
[PlyCount "65"]
[EventDate "2012.??.??"]

1. d4 Nf6 2. c4 e6 3. g3 c5 4. d5 b6 5. dxe6 Bb7 6. exf7+ Kxf7 7. Nf3 d6 8. Bg2
Qc7 9. O-O h6 10. Nc3 Be7 11. Qd3 Rf8 12. Bf4 Nc6 13. Nb5 Qd8 14. Nxd6+ Bxd6
15. Qxd6 Qxd6 16. Bxd6 Rfd8 17. Rfd1 Ke6 18. Bc7 Rd7 19. Bh3+ Ke7 20. Bxd7 Nxd7
21. Rd2 Rc8 22. Bd6+ Kf7 23. h4 Re8 24. Rad1 Nf6 25. Bf4 Bc8 26. Rd6 Na5 27.
Ne5+ Kg8 28. Rd8 Kf8 29. f3 Be6 30. b3 Ke7 31. Rxe8+ Kxe8 32. e4 Ke7 33. Kf2
1-0

[Event "Mechanics' Spring TNM; 30/90, SD/30"]
[Site "San Francisco"]
[Date "2012.04.03"]
[Round "4.9"]
[White "Grey, Peter"]
[Black "Drane, Robert"]
[Result "1-0"]
[WhiteElo "2013"]
[BlackElo "1840"]
[PlyCount "53"]
[EventDate "2012.??.??"]

1. e4 Nf6 2. e5 Nd5 3. d4 d6 4. Nf3 dxe5 5. Nxe5 c6 6. Be2 Nd7 7. Nf3 g6 8. O-O
Bg7 9. c4 Nc7 10. Nc3 O-O 11. Re1 Re8 12. Bf1 Nb6 13. h3 Be6 14. b3 Qd6 $4 15.
c5 Qd7 16. cxb6 axb6 17. Be3 Nd5 18. Nxd5 Bxd5 19. Ne5 Qc7 20. Bc4 Bxc4 21.
bxc4 c5 22. Bf4 cxd4 23. Qxd4 f6 24. Nf3 e5 25. Qd5+ Kf8 26. Bd2 Red8 27. Bb4+
1-0

[Event "Mechanics' Summer TNM; 30/90, SD/30"]
[Site "San Francisco"]
[Date "2012.05.22"]
[Round "1.10"]
[White "Grey, Peter"]
[Black "Flores, David"]
[Result "1/2-1/2"]
[WhiteElo "2000"]
[BlackElo "1588"]
[PlyCount "120"]
[EventDate "2012.??.??"]

1. Nf3 Nf6 2. c4 Nc6 3. d4 d5 4. Nc3 e6 5. Bg5 Be7 6. e3 O-O 7. Rc1 a6 8. Bd3
dxc4 9. Bxc4 b5 10. Bd3 Nb4 11. Bb1 Bb7 12. a3 Nbd5 13. Nxd5 Nxd5 14. Bxe7 Qxe7
15. O-O Rac8 16. Ne5 Qg5 17. Nc6 Kh8 18. Qd3 g6 19. f4 Qf6 20. Ne5 Qh4 21. Qd2
Kg7 22. Nd7 Rfd8 23. Nc5 Rb8 24. Be4 Bc8 25. Bf3 Qe7 26. Nb3 Qd6 27. Rc5 Nb6
28. Rc6 Qe7 29. Na5 Bd7 30. Rxc7 Qd6 31. Rcc1 Nc4 32. Nxc4 bxc4 33. Rc3 Qb6 34.
Rfc1 Rdc8 35. Rxc4 Rxc4 36. Rxc4 Bb5 37. Rc1 h6 38. b4 Qd6 39. Qc3 Kh7 40. Qc7
Qf8 41. Qe5 Rd8 42. Rc7 Rc8 43. Rxc8 Qxc8 44. Qc5 Qd7 45. Kf2 Kg7 46. Be2 Bxe2
47. Kxe2 Qa4 48. Qc3 Qb5+ 49. Kf3 Qd5+ 50. Kf2 Qa2+ 51. Kg3 Qd5 52. Qc5 Qb3 53.
Qc1 g5 54. fxg5 hxg5 55. h4 f5 56. hxg5 Kg6 57. Kf2 Qd3 58. Kg1 Kxg5 59. Kh2
Qe2 60. Kg1 Kg4 1/2-1/2

[Event "Mechanics' Spring TNM; 30/90, SD/30"]
[Site "San Francisco"]
[Date "2012.04.24"]
[Round "7.3"]
[White "Grey, Peter"]
[Black "Goins, Demetrius"]
[Result "0-1"]
[WhiteElo "2013"]
[BlackElo "2102"]
[PlyCount "112"]
[EventDate "2012.??.??"]

1. d4 d5 2. c4 e6 3. Nf3 Nf6 4. g3 Be7 5. Bg2 O-O 6. O-O b6 7. cxd5 exd5 8. Qc2
Be6 9. Nc3 c5 10. Bf4 Nc6 11. Rad1 h6 12. h3 c4 13. Ne5 Qc8 14. Qa4 Na5 15. Kh2
a6 16. Ng4 Qd8 17. Nxf6+ Bxf6 18. Be5 Be7 19. Qc2 Bb4 20. a3 Bxc3 21. Qxc3 Qe7
22. Bf4 Rfd8 23. Bd2 Nb3 24. Qf3 Nxd4 25. Qe3 Nf5 26. Qxb6 Rdb8 27. Qc6 Nd4 28.
Qa4 Nb3 29. Bb4 Qc7 30. Rxd5 Bxd5 31. Bxd5 Ra7 32. Bc3 Qd7 33. Qxd7 Rxd7 34. e4
Nc5 35. Bxc4 Nxe4 36. Bxa6 Nxc3 37. bxc3 Ra7 38. Be2 Rxa3 39. c4 Rb2 40. Bg4
Rc3 41. Kg2 Rxc4 42. Bf3 g6 43. h4 Kg7 44. Bd5 Rd4 45. Bc6 Rdd2 46. Bf3 f5 47.
Bc6 Kf6 48. Bf3 g5 49. hxg5+ Kxg5 50. Bc6 h5 51. Bf3 h4 52. gxh4+ Kxh4 53. Rh1+
Kg5 54. Rf1 Kf4 55. Bc6 Rd6 56. Bf3 Rg6+ 0-1

[Event "Mechanics' Winter TNM; 30/90, SD/30"]
[Site "San Francisco"]
[Date "2012.02.07"]
[Round "6.19"]
[White "Grey, Peter"]
[Black "James, Charles"]
[Result "1-0"]
[WhiteElo "2000"]
[BlackElo "1540"]
[PlyCount "31"]
[EventDate "2012.??.??"]

1. Nf3 d5 2. c4 Nf6 3. cxd5 Nxd5 4. d4 Nc6 5. e4 Nf6 6. Nc3 Bg4 7. Be3 e6 8.
Bb5 Bb4 9. Qa4 Bxc3+ 10. bxc3 Qd7 11. Ne5 Qd6 12. f3 Bxf3 13. gxf3 O-O 14. Nxc6
bxc6 15. Bxc6 Rab8 16. e5 1-0

[Event "Mechanics' Mar TNM; 30/90, SD/30"]
[Site "San Francisco"]
[Date "2012.08.21"]
[Round "4.6"]
[White "Grey, Peter"]
[Black "Matz, James"]
[Result "1-0"]
[WhiteElo "2014"]
[BlackElo "1808"]
[PlyCount "39"]
[EventDate "2012.??.??"]

1. e4 c5 2. Nf3 d6 3. d4 cxd4 4. Nxd4 Nc6 5. Nc3 Nf6 6. Bg5 e6 7. Qd2 Be7 8.
O-O-O a6 9. f4 d5 10. exd5 exd5 11. Nb3 Bg4 12. Be2 Bxe2 13. Qxe2 Qc7 14. Bxf6
Qxf4+ 15. Kb1 Qxf6 16. Nxd5 Qd6 17. Nb6 Nd4 18. Rxd4 Qxb6 19. Re4 Qd6 20. Re1
1-0

[Event "Mechanics' Mar TNM; 30/90, SD/30"]
[Site "San Francisco"]
[Date "2012.08.28"]
[Round "5.7"]
[White "Grey, Peter"]
[Black "Moore, Randolph"]
[Result "1-0"]
[WhiteElo "2014"]
[BlackElo "1647"]
[PlyCount "53"]
[EventDate "2012.??.??"]

1. e4 e5 2. Nf3 Bc5 3. Nxe5 Qh4 4. d4 d6 5. Nf3 Qxe4+ 6. Be3 Bb6 7. Bd3 Qe7 8.
O-O Nf6 9. Re1 O-O 10. Bg5 Qd8 11. Nbd2 Bg4 12. c3 Nbd7 13. Qc2 h6 14. Bh4 c6
15. h3 Bxf3 16. Nxf3 Re8 17. Bf5 Qc7 18. Qd2 Rxe1+ 19. Rxe1 Re8 20. Bxd7 Rxe1+
21. Qxe1 Qxd7 22. Bxf6 gxf6 23. Qe3 Kg7 24. Qf4 Qd8 25. Nh4 Qf8 26. Nf5+ Kh7
27. Qxd6 1-0

[Event "Mechanics' Fall TNM; 30/90, SD/30"]
[Site "San Francisco"]
[Date "2012.11.06"]
[Round "4.6"]
[White "Grey, Peter"]
[Black "Murilo, Filho"]
[Result "1-0"]
[WhiteElo "2000"]
[BlackElo "1832"]
[Annotator "Donaldson"]
[PlyCount "36"]
[EventDate "2012.??.??"]

1. Nf3 d5 2. d4 Nf6 3. c4 c6 4. Nc3 Bf5 5. cxd5 cxd5 6. Qb3 b6 7. Bg5 e6 8. e3
Be7 9. Bb5+ Nfd7 10. Bxe7 Qxe7 11. O-O O-O 12. Rac1 a6 13. Be2 Rc8 14. Nxd5
exd5 15. Rxc8+ Nf8 16. Rc3 b5 17. Rfc1 Bg4 18. Rc7 Qd6 1-0

[Event "Mechanics' Fall TNM; 30/90, SD/30"]
[Site "San Francisco"]
[Date "2012.10.16"]
[Round "1.11"]
[White "Grey, Peter"]
[Black "Olson, David"]
[Result "1-0"]
[WhiteElo "2000"]
[BlackElo "1529"]
[PlyCount "93"]
[EventDate "2012.??.??"]

1. e4 e5 2. Nf3 Nc6 3. Bb5 Nd4 4. Nxd4 exd4 5. O-O Bc5 6. d3 Ne7 7. c3 a6 8.
Bc4 O-O 9. cxd4 Bxd4 10. Nc3 b5 11. Bb3 Bb7 12. Be3 Ba7 13. Qe2 Kh8 14. Bxa7
Rxa7 15. Qe3 Ra8 16. d4 f5 17. f3 f4 18. Qf2 c6 19. Rfe1 d5 20. Rad1 b4 21. Na4
Rf6 22. Nc5 Bc8 23. exd5 Nxd5 24. Bxd5 cxd5 25. Re5 Ra7 26. Rde1 Rf8 27. Nd3 a5
28. Nxf4 Ra6 29. Nd3 h6 30. Nc5 Rg6 31. Ne6 Bxe6 32. Rxe6 Qg5 33. Rxg6 Qxg6 34.
g3 Rc8 35. Kg2 h5 36. Qe3 a4 37. h4 Qf6 38. Re2 Rc4 39. Qe8+ Kh7 40. Qxh5+ Qh6
41. Qxh6+ Kxh6 42. Rd2 b3 43. axb3 axb3 44. Kf2 Kg6 45. Ke3 Kf6 46. g4 g6 47.
Rd3 1-0

[Event "Mechanics' Winter TNM; 30/90, SD/30"]
[Site "San Francisco"]
[Date "2012.02.21"]
[Round "8.10"]
[White "Grey, Peter"]
[Black "Persidsky, Andre"]
[Result "1-0"]
[WhiteElo "2000"]
[BlackElo "1795"]
[PlyCount "79"]
[EventDate "2012.??.??"]

1. Nf3 d5 2. d4 Nf6 3. c4 e6 4. g3 Bb4+ 5. Bd2 Qe7 6. Bg2 O-O 7. O-O c6 8. Qc2
Nbd7 9. Bf4 Bd6 10. Bxd6 Qxd6 11. Nbd2 b6 12. Rfd1 Bb7 13. e4 dxe4 14. Nxe4
Nxe4 15. Qxe4 Nf6 16. Qe2 Rfd8 17. Ne5 Rac8 18. Rac1 Qe7 19. Rc3 c5 20. Bxb7
Qxb7 21. dxc5 bxc5 22. Rcd3 Qc7 23. Qd2 Rxd3 24. Qxd3 g6 25. Qd6 Qb7 26. b3 Kg7
27. f3 Rc7 28. Kf2 h5 29. Qd2 Nh7 30. h4 f6 31. Nd7 g5 32. Qd6 Qc6 33. Qe7+ Kg6
34. Rd6 Qb7 35. Qxe6 g4 36. fxg4 Qh1 37. gxh5+ Kxh5 38. Nxf6+ Nxf6 39. Qf5+ Kh6
40. Qxf6+ 1-0

[Event "Mechanics' Mar TNM; 30/90, SD/30"]
[Site "San Francisco"]
[Date "2012.09.25"]
[Round "9.10"]
[White "Grey, Peter"]
[Black "Sherwood, Peter"]
[Result "1-0"]
[WhiteElo "2014"]
[BlackElo "1784"]
[PlyCount "87"]
[EventDate "2012.??.??"]

1. Nf3 d5 2. d4 Nf6 3. c4 e6 4. g3 Be7 5. Bg2 O-O 6. O-O c6 (6... dxc4 {
is more popular}) 7. Qc2 Nbd7 8. Rd1 Ne4 9. Nfd2 Nxd2 $6 (9... f5 10. Nxe4 fxe4
$11) 10. Nxd2 Nf6 11. e4 dxe4 $6 (11... b6 $14 12. e5 Nd7 13. b3 Bb7 $14) 12.
Nxe4 Qa5 13. Bg5 Nd5 14. cxd5 f6 15. Bd2 Qb6 16. d6 Bd8 17. Nc5 Rf7 18. Be3 Qa5
19. d7 Bxd7 20. Nxb7 Qc7 21. Nc5 Rc8 22. Bf1 Be7 23. Bc4 Bxc5 24. dxc5 Re8 25.
Rd6 Kh8 26. Rad1 Rfe7 27. Qd2 Bc8 28. Rd8 h6 29. Rxe8+ Rxe8 30. Qd3 f5 31. Qd6
Qb7 32. Bb3 Kh7 33. Ba4 Qxb2 34. Bxc6 Rg8 35. Bd7 Bxd7 36. Qxd7 Qxa2 37. c6 Qa4
38. c7 Qa6 39. Rb1 Qa2 40. Rb8 Qc2 41. Rxg8 Qb1+ 42. Kg2 Qe4+ 43. f3 Qc2+ 44.
Bf2 1-0

[Event "Mechanics' Winter TNM; 30/90, SD/30"]
[Site "San Francisco"]
[Date "2012.01.17"]
[Round "3.22"]
[White "Grey, Peter"]
[Black "Standen, Julian"]
[Result "1-0"]
[WhiteElo "2000"]
[BlackElo "1613"]
[PlyCount "109"]
[EventDate "2012.??.??"]

1. Nf3 d5 2. c4 c6 3. e3 Nf6 4. Nc3 dxc4 5. Bxc4 e6 6. O-O Bd6 7. d4 b6 8. e4
Be7 9. Qe2 O-O 10. Rd1 Bb7 11. Bf4 Qc8 12. d5 exd5 13. exd5 Re8 14. dxc6 Nxc6
15. Ng5 Nd8 16. Rxd8 Qxd8 17. Bxf7+ Kh8 18. Bxe8 Qxe8 19. Re1 Qc6 20. f3 Bc5+
21. Kh1 Re8 22. Qf1 h6 23. Nf7+ Kh7 24. Rxe8 Qxe8 25. Nd6 Bxd6 26. Bxd6 Qe3 27.
Bg3 Ba6 28. Qe1 Qxe1+ 29. Bxe1 Kg6 30. Kg1 Kf5 31. Bg3 Bb7 32. Nb5 Bd5 33. a3
a6 34. Nd4+ Kg6 35. Kf2 Nd7 36. Bd6 b5 37. Ke3 Nb6 38. b3 Kf6 39. Kd3 Bb7 40.
g3 g6 41. f4 h5 42. Be5+ Kf7 43. Nc2 Ke6 44. Kd4 Nd7 45. Ne3 Bc6 46. h3 Bb7 47.
g4 Bf3 48. f5+ gxf5 49. gxf5+ Kf7 50. Bg3 Nb6 51. Kc5 Nd7+ 52. Kd6 Nf8 53. Kc7
Ke8 54. Kb6 Nd7+ 55. Kxa6 1-0

[Event "Mechanics' Spring TNM; 30/90, SD/30"]
[Site "San Francisco"]
[Date "2012.03.20"]
[Round "2.1"]
[White "Grey, Peter"]
[Black "Winslow, Elliott"]
[Result "1/2-1/2"]
[WhiteElo "2013"]
[BlackElo "2380"]
[Annotator "Donaldson"]
[PlyCount "66"]
[EventDate "2012.??.??"]

1. d4 Nf6 2. c4 c5 3. d5 g6 4. Nc3 Bg7 5. Nf3 O-O 6. e4 d6 7. h3 e6 8. Bd3 exd5
9. exd5 Re8+ 10. Be3 a6 11. O-O Nbd7 12. Re1 Nh5 13. Qd2 Ne5 14. Nxe5 Rxe5 15.
Bh6 Qh4 16. Bxg7 Kxg7 17. Rxe5 dxe5 18. Re1 f6 19. Re4 Nf4 20. Ne2 Nxe2+ 21.
Qxe2 Qg5 22. Qe3 Qxe3 23. Rxe3 Kf7 24. h4 Bd7 25. g3 b5 26. b3 b4 27. f4 exf4
28. gxf4 Re8 (28... a5 29. Kf2 a4 30. d6 Re8 31. Be4) 29. Rxe8 Bxe8 30. Kf2 a5
31. Bc2 Bd7 32. Kg3 h5 33. Kf3 f5 1/2-1/2

[Event "Mechanics' Summer TNM; 30/90, SD/30"]
[Site "San Francisco"]
[Date "2012.07.03"]
[Round "7.12"]
[White "Grey, Peter"]
[Black "Woebcke, Carl"]
[Result "1-0"]
[WhiteElo "2000"]
[BlackElo "1831"]
[Annotator "Donaldson"]
[PlyCount "57"]
[EventDate "2012.??.??"]

1. Nf3 d5 2. d4 Nf6 3. c4 e6 4. g3 Be7 5. Bg2 a6 6. O-O dxc4 7. Ne5 O-O 8. Nc3
Ra7 9. a4 b6 10. Nxc4 Bb7 11. e4 Bb4 12. Bg5 h6 13. Bxf6 Qxf6 14. e5 Qe7 15.
Bxb7 Rxb7 16. Qf3 Ra7 17. Ne4 Nd7 18. Qb3 f5 19. exf6 Nxf6 20. Nxf6+ Rxf6 21.
Ne5 Qd6 22. Rac1 c5 23. Rfd1 Qf8 24. f4 cxd4 25. Nc6 Bc5 26. Nxa7 d3+ 27. Kg2
Qa8+ 28. Kh3 Qf3 29. Qxd3 1-0

[Event "Mechanics' Summer TNM; 30/90, SD/30"]
[Site "San Francisco"]
[Date "2012.06.19"]
[Round "5.2"]
[White "Grey, Peter"]
[Black "Wong, Russell"]
[Result "0-1"]
[WhiteElo "2000"]
[BlackElo "2221"]
[PlyCount "52"]
[EventDate "2012.??.??"]

1. Nf3 d5 2. d4 c6 3. c4 Nf6 4. Qc2 g6 5. Bf4 Bg7 6. e3 O-O 7. Nc3 Qa5 8. Bd3
Na6 9. O-O Nb4 10. Qd2 Nxd3 11. Qxd3 Bf5 12. Qe2 Bg4 13. cxd5 Nxd5 14. Nxd5
Qxd5 15. h3 Bxf3 16. Qxf3 Qxf3 17. gxf3 Rfd8 18. Rac1 Rd5 19. b4 a5 20. a3 axb4
21. axb4 Rb5 22. Ra1 Rxa1 23. Rxa1 Bf8 24. Ra8 g5 25. Bc7 Rxb4 26. Ra5 f6 0-1